Bienvenue à la Médiathèque de Saint-Andiol
banniere
Accueil Recherche avancée Mon compte
handi1 Rechercher dans le catalogue

Filtre   Mots-clés
  Recherche avancée
 
Lister les dernières nouveautés
 
Lister les livres GROS CARACTERES
 
Lister les périodiques (magazines)

handi1 Bourse pour les nuls (La)

<< Retourner aux résultats de la recherche
Book Cover
Auteur principal : Gérard Horny
Autres auteurs : Marc Chalvin
Titre : Bourse pour les nuls (La)
Support : Livres
Langue : Francais
Publié : 2017 First Editions Paris
Genre : Documentaire
Collection : Pour les nuls
Sujets :
Étiquettes :
Pas de tags
LEADER 01036nam0a2200241 450
001 16868240
010 |a 978-2-412-02263-4  |b br.  |d 22,95 € 
100 |a 20170919d2017 u u0frey01 ba 
101 0 |a fre 
102 |a FR 
200 0 |a Bourse pour les nuls (La)  |f Gérard Horny  |g dessins Marc Chalvin 
205 |a 4e édition 
207 1 |a   
210 |a Paris  |c First Editions  |d 2017 
215 |a 1 vol. (XIII-434 p.)  |c illustrations en noir et blanc  |d 23 x 19 cm 
225 1 |a Pour les nuls  |x 1248-4601 
330 |a Des informations pour découvrir les intérêts de la Bourse et les mécanismes boursiers de base, pour accéder au marché et identifier les actions qui rapportent, pour maîtriser les techniques courantes de gestion d'un portefeuille et maximiser les profits. 
606 0 |a Bourse  |x Guides pratiques 
676 |a 332.6 
700 0 |a Horny  |b Gérard  |4 70 
702 0 |a Chalvin  |b Marc  |4 440 
900 |a Documentaire 
995 |a Médiathèque  |c Médiathèque  |f 00156005957683  |h 00156005957683  |k 332.6 BOU  |o p  |q a  |r az  |e Médiathèque